00317nam a2200133Ia 4500008004100000020001800041041000800059082001500067100001800082245002800100260003600128300000900164500001000173220803s9999 xx 000 0 und d a9788184154054 aeng a891.46 TEJ aTej Gyan Pub. aRachnatmak Vichar Sutra aPunebTej Gyan Foundationc2014 a240p aARCHI